000
00337nam a2200145Ia 4500
005
20251222144734.0
008
251222s9999||||xx |||||||||||||| ||spa||
020
_a
84-345-8003-9
082
_a
813.5/P73N
100
_a
Poe, Edgar Allan
245
0
_a
Narraciones Extraordinarias
250
_a
2a.ed.
264
_b
Salvat
942
_c
LIB
999
_c
18716
_d
18716